Big Data
Kaydedildi:
| Yazar: | |
|---|---|
| Materyal Türü: | Kitap |
| Baskı/Yayın Bilgisi: |
Hodder And Stoughton
|
| Konular: | |
| Etiketler: |
Etiket eklenmemiş, İlk siz ekleyin!
|
MARC
| LEADER | 00000nam a2200000Ia 4500 | ||
|---|---|---|---|
| 005 | 20260427112652.0 | ||
| 526 | |b Data Science | ||
| 100 | |a Viktor Mayer-Schonberger | ||
| 020 | |a 9781848547926 | ||
| 650 | |a Big Data | ||
| 526 | |a Bachelors | ||
| 942 | |c BK | ||
| 245 | |a Big Data | ||
| 260 | |b Hodder And Stoughton | ||
| 999 | |c 37 |d 37 | ||
| 952 | |0 0 |1 0 |4 0 |7 0 |8 2 |a BRISTOL |b BRISTOL |d 2026-04-22 |l 0 |p 000059 |r 2026-04-27 11:26:52 |w 2026-04-27 |y BK | ||